| 000 | 01333nam a2200289 i 4500 | ||
|---|---|---|---|
| 003 | SA-RiAUC | ||
| 005 | 20241030145308.0 | ||
| 008 | 241029s1998____xx g 010 0dara c | ||
| 040 |
_aSA-JeALM _bara _cSA-RiAUC _erda |
||
| 082 | 0 | 4 |
_a217.4 _qSA-RiAUC |
| 090 |
_a217.4 _b ا ي م |
||
| 100 | 1 |
_aالإيماني، مهدي الفقيه _eمؤلف. |
|
| 245 | 1 | 2 |
_aالإمام المهدي عند أهل السنة / _cمهدي الفقيه الإيماني. |
| 250 | _aالطبعة الثانية. | ||
| 264 | 1 |
_aقم, ايران : _bالمجمع العالمي لأهل البيت، _c1998 |
|
| 300 |
_a672 صفحة ؛ _c30 سم |
||
| 336 |
_aنص _btxt _2rdacontent _3كتاب |
||
| 337 |
_aبدون وسيط _bn _2rdamedia |
||
| 338 |
_aمجلد _bnc _2rdacarrier |
||
| 500 | _aطبع بمناسبة الاجتماع الثاني للهيئة العامة للمجمع العلمي لأهل البيت عليهم السلام | ||
| 600 | 1 | 7 |
_aالمهدي، محمد أحمد المهدي بن عبد الله، _d1259-1302 هجري _2aucnm |
| 650 | 7 |
_aالمهدية _2aucsh |
|
| 650 | 7 |
_aالحركات الفكرية عند المسلمين _2aucsh |
|
| 856 | 4 | _uhttp://10.10.10.21/hipres/143779/book.Web/bookTestPage.html | |
| 942 |
_2ddc _cBOOK _n0 |
||
| 949 |
_aSA-JeALM _d241029 _ukhaled123 _n1 |
||
| 999 |
_c1940 _d1940 |
||